000 00663nam a2200169 4500
001 143575
003 ES-MaACL
005 20230906200841.0
007 t|
008 070214s1952 sp r ||||1| spa d
110 1 _aEspaña.
_bServicio Meteorológico Nacional.
_93981
245 1 0 _aClimatología aeronáutica de España /
_cMinisterio del Aire, Dirección General de Protección de Vuelo, Servicio Meteorológico Nacional.
260 _aMadrid :
_bSección de Aeronáutica,
_c1952 (
_fGráfs. Huérfanos Ejército Aire)
300 _a1 v. con 1 cuadr., 33 lám., 7 map. ;
_c24 cm.
500 _aPubl.: Ser. D. nº 6.
852 _aES-MaACL
_j1980-F-10
_bR.41019
999 _c143575
_d143575